000 00481nam a22001937a 4500
003 MPLRDC
005 20220104123904.0
008 210129b ||||| |||| 00| 0 eng d
020 _a957-621-043-7
082 _a563.5 HWZ
100 _a黄文治
245 _a股市现象观察
_c
250 _a一版六印
260 _a
_b经济与生活出版事业股
_c1990
300 _b
490 _a天下人理财系列. 2
650 _a股票投资
942 _cBK
_o563.5 HWZ
999 _c14993
_d14983